Criminal sociology: an introduction

Gespeichert in:  
Bibliographische Detailangaben
1. VerfasserIn: Pradhan, Ravindra (Verfasst von)
Medienart: Druck Buch
Sprache:Englisch
Veröffentlicht: New Delhi Creon Publications 2013
In:Jahr: 2013
Online-Zugang: Inhaltsverzeichnis
Klappentext (Verlag)
Bestand in Tübingen:In Tübingen vorhanden.
UB: KB 20 A 6517
Verfügbarkeit prüfen: HBZ Gateway
Subito Bestelldienst: Jetzt bestellen.
Schlagwörter:

MARC

LEADER 00000cam a2200000 c 4500
001 1605517070
003 DE-627
005 20240508211732.0
007 tu
008 131009s2013 ii ||||| 00| ||eng c
016 7 |a 218172494  |2 DE-101 
020 |a 9788192765570  |9 978-81-927655-7-0 
035 |a (DE-627)1605517070 
035 |a (DE-576)394176456 
035 |a (DE-599)BSZ394176456 
035 |a (OCoLC)862967950 
040 |a DE-627  |b ger  |c DE-627  |e rakwb 
041 |a eng 
044 |c XB-IN 
084 |a 2,1  |2 ssgn 
100 1 |a Pradhan, Ravindra  |0 (DE-588)1044803649  |0 (DE-627)772800618  |0 (DE-576)394176448  |4 aut 
109 |a Pradhan, Ravindra 
245 1 0 |a Criminal sociology  |b an introduction  |c Ravindra Pradhan 
264 1 |a New Delhi  |b Creon Publications  |c 2013 
300 |a 260 S.  |c 24 cm 
336 |a Text  |b txt  |2 rdacontent 
337 |a ohne Hilfsmittel zu benutzen  |b n  |2 rdamedia 
338 |a Band  |b nc  |2 rdacarrier 
500 |a Includes bibliographical references (p. [256]-258) and index 
583 1 |a Archivierung/Langzeitarchivierung gewährleistet  |f SSG  |x XA-DE-BW  |2 pdager  |5 DE-21 
689 0 0 |d s  |0 (DE-588)4128665-0  |0 (DE-627)105715662  |0 (DE-576)209604034  |a Kriminalsoziologie  |2 gnd 
689 0 |5 (DE-627) 
856 4 2 |u https://swbplus.bsz-bw.de/bsz394176456inh.htm  |m B:DE-576;DE-21  |q application/pdf  |v 20131212145808  |x Verlag  |3 Inhaltsverzeichnis  |7 1 
856 4 2 |u https://swbplus.bsz-bw.de/bsz394176456kla.htm  |m B:DE-576;DE-21  |q application/pdf  |v 20131212145808  |x Verlag  |3 Klappentext  |7 1 
951 |a BO 
ELC |b 1 
LOK |0 000 xxxxxcx a22 zn 4500 
LOK |0 001 3112632060 
LOK |0 003 DE-627 
LOK |0 004 1605517070 
LOK |0 005 20131129120030 
LOK |0 008 131009||||||||||||||||ger||||||| 
LOK |0 040   |a DE-21  |c DE-627  |d DE-21 
LOK |0 852   |a DE-21 
LOK |0 852 1  |c KB 20 A 6517  |9 00 
LOK |0 935   |a krim 
LOK |0 936ln  |a k2.1 
LOK |0 938   |a 1311  |f 34 
LOK |0 939   |a 09-10-13  |b l01 
LOK |0 000 xxxxxcx a22 zn 4500 
LOK |0 001 3112632125 
LOK |0 003 DE-627 
LOK |0 004 1605517070 
LOK |0 005 20140428083821 
LOK |0 008 140307||||||||||||||||ger||||||| 
LOK |0 040   |a DE-Frei85  |c DE-627  |d DE-Frei85 
LOK |0 852   |a DE-Frei85 
LOK |0 852 1  |m p  |9 00 
LOK |0 938   |k p 
LOK |0 939   |a 07-03-14  |b l01 
ORI |a SA-MARC-krimdoka001.raw 
SIG |a UB: KB 20 A 6517